| 000 | 00633nam a2200217 a 4500 | ||
|---|---|---|---|
| 001 | 84762 | ||
| 003 | BD-RjUL | ||
| 005 | 20250309150844.0 | ||
| 008 | 250309r19551927nyu||||| |||| 00| 0 eng d | ||
| 035 | _a(BD-RjUL)84762 | ||
| 040 |
_aBD-RjUL _beng _cBD-RjUL |
||
| 041 | _aeng | ||
| 082 |
_223 _a813.5 _bJEC 1955 |
||
| 100 |
_aJewett,Sarah Orne _915157 |
||
| 245 |
_aThe country of the pointed firs : _band other stories / _cSarah Orne Jewett |
||
| 260 |
_aGarden City, N.Y. : _bDoubleday, _c1927,1955 |
||
| 300 |
_a320 p.; _c19 cm. |
||
| 650 |
_aFemmes Maine Romans, nouvelles, etc _915158 |
||
| 650 | _aFiction | ||
| 942 |
_2ddc _cBK |
||
| 999 |
_c84762 _d84762 |
||